000 00703nam a2200193 a 4500
001 000045551
005 20201002052318.0
008 150414s2002 pr a 000 0 spa d
020 _a0965017745
040 _aDO-SdBNP
_bspa
_cBNPHU
082 _axxxx
_bxxxx
100 1 _aPlenn, Doris Troutman.
_973614
245 1 3 _aLa canción verde /
_cDoris Troutman Plenn ; versión al castellano Antonio J. Colorado ; ilustración de Paul Galdone.
260 _aSan Juan, Puerto Rico :
_bLibrería La Biblioteca,
_c2002.
300 _a99 p. :
_bil. ;
_c22 cm.
500 _aPerteneció a la biblioteca personal de Erick Landestoy.
700 1 2 _aColorado, Antonio J.
_940663
700 1 2 _aGaldone, Paul,
_eil.
_973615
999 _c45040
_d45040